01231nab a22002417a 4500999001500000003000400015005001700019008004100036040000700077100003200084245008700116260007200203300001500275500003900290505026000329505008900589650002600678650004000704650004400744650004500788773014300833942001300976 c6047d6047OSt20260118220439.0190605e xxu||||| |||| 00| 0 spa d cPJ 96834aPucheta, Leonardo L. 13aLa certeza del administrado como fundamento reglamentario /cLeonardo L. Pucheta.  aCiudad Autónoma de Buenos Aires :bThomson Reuters La Ley,c2025. ap. 220-223 aCita: TR LALEY AR/DOC/2674/2025.  aSumario: I. Introducción.— II. Los actores tradicionales del sistema.— III. Nuevos jugadores.— IV. Actuación sistémica.— V. Regulación vs. desregulación.— VI. Regulación, iniciativa privada y subsidiariedad.— VII. Ideas de cierre.  t¿Te interesa el texto completo? Solicitalo al correo: koha@justierradelfuego.gov.ar 091316aDERECHO LABORAL 091482aLEY SOBRE RIESGOS DEL TRABAJO 096375aHIGIENE Y SEGURIDAD EN EL TRABAJO 0aASEGURADOR POR RIESGOS DEL TRABAJO951440 0271193168dCiudad Autónoma de Buenos Aires : Thomson Reuters La Ley, 1999-2002.tRevista de derecho del trabajo. Nº 6 - Noviembre 2025 2udccANA